Państwa w Europie - nagła śmierć - Statystyki

Ogólne statystyki
  • Ten quiz został rozwiązany 180 razy
  • Średni wynik to 14 z 15
Answers on the Grid
Answers color-coded by a green-red scale on the quiz's grid according to % correct below.
Polska
Salwador
Algieria
Niemcy
Egipt
Francja
Kostaryka
Hiszpania
Iran
Węgry
Chile
Austria
Norwegia
Grecja
San Marino
Liberia
Rumunia
Izrael
Bułgaria
Jordania
Ukraina
Fidżi
Estonia
Tunezja
Panama
Nepal
Kosowo
Albania
 
Statystyki odpowiedzi
Odpowiedź % Poprawnych
Polska
100%
Francja
99%
Niemcy
99%
Austria
98%
Grecja
98%
Hiszpania
98%
Norwegia
98%
Węgry
98%
Rumunia
96%
San Marino
96%
Bułgaria
95%
Estonia
95%
Albania
93%
Ukraina
93%
Kosowo
92%
Nie znaleziono quizów pasujących do podanych kryteriów
Rozkład punktacji
Procent ludzi z każdym wynikiem
Percentyl według liczby udzielonych odpowiedzi
Twoja historia wyników
Nie rozwiązałeś tego quizu